Catalytic chemistry /

Guardado en:
Autor Principal: Gates, Bruce C.
Formato: Libro
Idioma:English
Publicado: New York : Wiley, c1992.
Series:Wiley series in chemical engineering
Materias:
Acceso en línea:Descripción
Tabla de contenido
Etiquetas: Agregar Etiqueta
Sin Etiquetas, Sea el primero en etiquetar este registro!
LEADER 00947pam a22002655a 4500
001 EIQ.libpla000708
008 910503s1992####nyua#####b####001#0#eng#d
005 20060427182907.0
245 1 0 |a Catalytic chemistry /  |c Bruce C. Gates. 
260 |a New York :  |b Wiley,  |c c1992. 
300 |a xxi, 458 p. :  |b il. ;  |c 25 cm. 
440 4 |a Wiley series in chemical engineering 
504 |a Incluye referencias bibliográficas e índice. 
020 |a 0471517615 (cloth) 
100 1 |a Gates, Bruce C. 
082 0 0 |a 541.3/95  |2 20 
650 4 |a Catálisis  |x Reacciones. 
650 4 |a Catalizadores  |x Teoría. 
650 4 |a Catalysis  |x Reactions. 
650 4 |a Catalyst  |x Theory. 
010 |a  91004192  
040 |a DLC  |c DLC  |d AR-BbSID 
856 4 2 |3 Descripción  |u http://www.loc.gov/catdir/description/wiley032/91004192.html 
856 4 |3 Tabla de contenido  |u http://www.loc.gov/catdir/toc/onix02/91004192.html 
859 |a AR-BbSID  |b BIB. PLAPIQUI  |h 541.395  |i G 22  |p 5240